|
|
|
|
| LEADER |
00000nam a22000007a 4500 |
| 005 |
2020032600150.0 |
| 007 |
cr|||| |||| |
| 008 |
200326s2014 es |||||s|||| 00||0 spa d |
| 020 |
|
|
|a 978-84-9123-808-9
|
| 035 |
|
|
|a 31315
|
| 040 |
|
|
|a vLex
|
| 090 |
|
|
|c 10270
|d 10270
|
| 100 |
1 |
|
|a Segovia, Juan Fernando
|
| 245 |
1 |
2 |
|a La ley natural en la telaraą de la razn̤
|h [Recurso electrn̤ico] /
|c Juan Fernando Segovia
|
| 256 |
|
|
|a Servicio en ln̕ea
|
| 260 |
|
|
|a Madrid:
|b Marcial Pons,
|c 2014
|
| 300 |
|
|
|a 1 recurso electrn̤ico
|
| 506 |
1 |
|
|a Disponible solo en los productos indicados
|d vLex Global
|d vLex Global (Academic Edition, excluding Law Schools)
|d vLex Global (U.S. Academic Edition, Law Schools)
|d vLex Global (U.S. Academic Edition, excluding Law Schools)
|d vLex Global (Academic Edition, Law Schools)
|
| 650 |
0 |
4 |
|a Derecho Militar
|z Espaą
|
| 740 |
0 |
|
|a vLex Libros (Servicio en ln̕ea)
|
| 856 |
4 |
0 |
|u http://vlex.com/source/ley-natural-telara-a-razon-31315
|z Acceso restringido
|
| 942 |
|
|
|c BOOK
|
| 999 |
0 |
|
|a Military Law
|